| 000 | 01185nam0a22002531 4500 | ||
|---|---|---|---|
| 001 | rc\2580821 | ||
| 005 | 20260407060550.0 | ||
| 035 | _a(NLR Aleph) 006745306 | ||
| 090 |
_a5687536 _c5687536 |
||
| 100 | _a20110914d1928 |||y0rusy50 ca | ||
| 101 | 0 | _arus | |
| 102 | _aRU | ||
| 105 | _ay b ||||| | ||
| 200 | 1 |
_aКраткий каталог на 2-е полугодие 1928 г. периодических и подписных изд., подписка на кои принимается всеми почтово-телеграфными предприятиями Союза ССР и письмоносцами _fНКП и Т. Моск. почтамт. Сектор распространения печати |
|
| 210 |
_a[Москва] _cМоск. почтамт _d[1928] _gтип. Книгосоюза |
||
| 215 |
_a56 с., из них часть объявл. _d17х13 см. |
||
| 300 | _aБез тит. листа. Описано по обложке | ||
| 710 | 0 | 2 |
_aМосковский почтамт _3RU\NLR\AUTH\8810027422 _9553262 |
| 801 | 0 |
_aRU _bNLR _gpsbo |
|
| 801 | 1 |
_aRU _bELAR _2rusmarc |
|
| 852 |
_aNLR _jБ.б. 4/202 |
||
| 942 | _cBOOK | ||
| 980 | _aNB | ||